| 000 -CABECERA |
| Longitud fija campo de control |
01066nam a22002897a 4500 |
| 003 - IDENTIFICADOR DEL NÚMERO DE CONTROL |
| Identificador del número de control |
OSt |
| 005 - FECHA Y HORA DE LA ÚLTIMA TRANSACCIÓN |
| Fecha y hora de la última transacción |
20170530135833.0 |
| 008 - CÓDIGOS DE INFORMACIÓN DE LONGITUD FIJA |
| Códigos de información de longitud fija |
170530s2016 spca 000 0 cat|d |
| 017 ## - NÚMERO DE COPYRIGHT O DE DEPÓSITO LEGAL |
| Número de copyright o de depósito legal |
DL B 22522-2016 |
| Agencia que asigna el número |
Biblioteca de Catalunya |
| 020 ## - NÚMERO INTERNACIONAL NORMALIZADO PARA LIBROS |
| Número Internacional Normalizado para Libros (ISBN) |
9788494239991 |
| 040 ## - FUENTE DE LA CATALOGACIÓN |
| Centro catalogador de origen |
ES-BaCBU |
| Lengua de catalogación |
cat |
| Centro transcriptor |
CDMR |
| 100 1# - PUNTO DE ACCESO PRINCIPAL-NOMBRE DE PERSONA |
| Nombre de persona |
Manzanares Oliver, Jordi, |
| Fechas asociadas al nombre |
1963- |
| 245 10 - MENCIÓN DE TÍTULO |
| Título |
100 anys: 1917/2017 |
| Resto del título |
: el tebeo que va donar nom als altres / |
| Mención de responsabilidad, etc. |
Jordi Manzanares ; [pròleg: Josep Cuní] |
| 246 3# - VARIANTES DE TÍTULO |
| Título propio / Título en breve |
Cent anys: 1917/2017 |
| Resto de título |
: el tebeo que va donar nom als altres |
| 246 30 - VARIANTES DE TÍTULO |
| Título propio / Título en breve |
Cent anys: 1917/2017 |
| 246 18 - VARIANTES DE TÍTULO |
| Título propio / Título en breve |
TBO, cent anys |
| 260 ## - PUBLICACIÓN, DISTRIBUCIÓN, ETC. (PIE DE IMPRENTA) |
| Lugar de publicación, distribución, etc. |
[Barcelona] : |
| Nombre del editor, distribuidor, etc. |
Diminuta, |
| Fecha de publicación, distribución, etc. |
2016 |
| 300 ## - DESCRIPCIÓN FÍSICA |
| Extensión |
171 p. : |
| Otras características físicas |
il. ; |
| Dimensiones |
27 cm |
| 504 ## - NOTA DE BIBLIOGRAFÍA, ETC |
| Nota de bibliografía, etc. |
Bibliografia p. 168-171 |
| 630 07 - PUNTO DE ACCESO ADICIONAL DE MATERIA - TÍTULO UNIFORME |
| Título uniforme |
TBO |
| Subdivisión de materia general |
Història |
| Fuente del encabezamiento o término |
lemac |
| 650 07 - PUNTO DE ACCESO ADICIONAL DE MATERIA - TÉRMINO DE MATERIA |
| Término de materia o nombre geográfico como elemento inicial |
Còmics |
| Subdivisión geográfica |
Espanya |
| Subdivisión de materia general |
Història i crítica |
| Fuente del encabezamiento o término |
lemac |
| 9 (RLIN) |
3313 |
| 650 #7 - PUNTO DE ACCESO ADICIONAL DE MATERIA - TÉRMINO DE MATERIA |
| Término de materia o nombre geográfico como elemento inicial |
Humorisme gràfic espanyol |
| Subdivisión de materia general |
Historia |
| Fuente del encabezamiento o término |
lemac |
| 650 #7 - PUNTO DE ACCESO ADICIONAL DE MATERIA - TÉRMINO DE MATERIA |
| Término de materia o nombre geográfico como elemento inicial |
Dibuixants de còmics |
| Subdivisión geográfica |
Espanya |
| Subdivisión de materia general |
Biografia |
| Fuente del encabezamiento o término |
lemac |
| 650 #7 - PUNTO DE ACCESO ADICIONAL DE MATERIA - TÉRMINO DE MATERIA |
| Término de materia o nombre geográfico como elemento inicial |
Escriptors espanyols |
| Subdivisión de materia general |
Biografia |
| Fuente del encabezamiento o término |
lemac |
| 700 1# - PUNTO DE ACCESO ADICIONAL - NOMBRE DE PERSONA |
| Nombre de persona |
Cuní, Josep |
| Fechas asociadas al nombre |
1953- |
| 9 (RLIN) |
1754 |
| 942 ## - ENTRADA DE ELEMENTOS AGREGADOS (KOHA) |
| Koha [por defecto] tipo de item |
Monografies |